Modelovanie v prostredí inteligentných sietí

Gespeichert in:
Bibliographische Detailangaben
1. Verfasser: Bendík, Jakub (Verfasst von)
Weitere Verfasser: Lucká, Mária (Betreuung Doktorarbeit)
Format: Manuskript Buch
Sprache:Slowakisch
Veröffentlicht: 2018
Schlagworte:
Online-Zugang:http://is.stuba.sk/zp/portal_zp.pl?podrobnosti=126885
Tags: Tag hinzufügen
Keine Tags, Fügen Sie das erste Tag hinzu!

MARC

LEADER 00000ntm a22000003a 4500
001 stuzp70383
003 SK-STU
005 20190327120620.4
007 ta
008 150427s2015----xo-----f-mn---000-0-slo-d
040 |a STU  |b slo 
041 0 |a slo 
044 |a xo 
100 1 |a Bendík, Jakub  |u 070200  |k Z4  |4 aut  |U FIIT Fakulta informatiky a informačných technológií  |T FIIT Ústav informatiky, informačných systémov a softvérového inžinierstva  |X 48088  |U I200  |Y 179  |7 48088 
242 0 1 |a Modeling in an environment of intelligent networks  |y eng 
245 1 0 |a Modelovanie v prostredí inteligentných sietí 
260 |c 2018 
300 |a 66 s.,  |e CD-rom 
650 4 |a predikcia spotreby  |2 slo 
650 4 |a elektrická sieť  |2 slo 
650 4 |a uskladňovanie energie  |2 slo 
650 4 |a energy storage  |2 eng 
650 4 |a load prediction  |2 eng 
650 4 |a electrical grid  |2 eng 
700 1 |a Lucká, Mária  |u 070200  |k Z1  |4 ths  |U FIIT Fakulta informatiky a informačných technológií  |T FIIT Ústav informatiky, informačných systémov a softvérového inžinierstva  |X 9204  |U I200  |Y 179  |7 9204 
856 4 |u http://is.stuba.sk/zp/portal_zp.pl?podrobnosti=126885 
996 |b IZP20180183  |c I*DP25/18  |l II680  |s P  |a 0  |w stuzp70383_0001